000
00279nam a2200109Ia 4500
008
230907s9999||||xx |||||||||||||| ||und||
082
_a
338.927
_b
SUS
100
_a
Gibson, Robert B.,
_9
115990
245
0
_a
Sustainability assessment :
300
_a
xiii, 282 pages ;
942
_c
BK
999
_c
600669
_d
600669